Desarrollo comunitario versus salud mental: La figura del educador/a social (Record no. 199735)

MARC details
000 -CABECERA
campo de control de longitud fija 01635nab a2200229 a 4500
005 - FECHA Y HORA DE LA ÚLTIMA TRANSACCIÓN
campo de control 20241114063742.0
008 - ELEMENTOS DE LONGITUD FIJA--INFORMACIÓN GENERAL
campo de control de longitud fija 991125c2017 sp ar p o 000 0 spa d
035 ## - NÚMERO DE CONTROL DEL SISTEMA
Número de control de sistema UPN01000227640
040 ## - FUENTE DE LA CATALOGACIÓN
Centro catalogador/agencia de origen UPN
Lengua de catalogación spa
Centro/agencia transcriptor UPN
Normas de descripción aacr2
049 ## - COLECCIÓN
Colección ART-E
100 1# - ASIENTO PRINCIPAL--NOMBRE PERSONAL
Nombre de persona Naranjo Curbelo, María Auxiliadora
Enlace - fuentedevida_@hotmail.com
245 10 - MENCIÓN DE TÍTULO
Título Desarrollo comunitario versus salud mental: La figura del educador/a social
Medio [recurso electrónico en línea]
506 0# - NOTA DE RESTRICCIONES AL ACCESO
Limitaciones de acceso Acceso abierto
520 3# - NOTA DE RESUMEN, ETC.
Sumario, etc. Desde, una perspectiva de viaje al futuro este trabajo es una propuesta para destacar la importancia del desarrollo comunitario en el área de salud mental como garantía de bienestar personal y social. Y en vías de estos logros y desde una necesidad imperante en las intervenciones socioeducativas y sociosanitarias, es fundamental visibilizar la figura del Educador/a Social, como un profesional que desde una postura crítica y constructiva colabora dentro de un equipo multidisciplinar. Al mismo tiempo, en un marco teórico y práctico presentamos los diferentes conceptos que proponen en sus líneas de actuación la OMS, el Plan de Salud Mental del Sistema Nacional y el Plan de Salud de Canarias, además de una variedad de autores, que en esta materia y desde este nuevo paradigma tienen algo que aportar
650 #4 - ASIENTO SECUNDARIO DE MATERIA - TERMINO TEMATICO
Término de materia o nombre geográfico como elemento de entrada Salud mental
9 (RLIN) 22888
653 0# - TERMINO DE INDIZACION - NO CONTROLADO
Término no controlado Desarrollo comunitario
653 0# - TERMINO DE INDIZACION - NO CONTROLADO
Término no controlado Educador social
773 ## - ENLACE AL DOCUMENTO FUENTE/ENTRADA DE REGISTRO ANFITRIÓN
Parte(s) relacionada(s) No. 10 (2017), p. 45-54
Título Intervención psicoeducativa en la desadaptación social
Número Internacional Normalizado para Publicaciones Seriadas 2013-2352
856 4# - LOCALIZACIÓN Y ACCESO ELECTRÓNICOS
Identificador Uniforme del Recurso <a href="http://ipseds.ulpgc.es/IPSE-ds-Vol_10_2017/IPSE-ds-10.pdf">http://ipseds.ulpgc.es/IPSE-ds-Vol_10_2017/IPSE-ds-10.pdf</a>
905 ## - TIPO DE MATERIAL
Tipo de material Articulo
942 ## - ELEMENTOS DE PUNTO DE ACCESO ADICIONAL (KOHA)
Tipo de ítem Koha Artículo Electrónico
Holdings
Estado de retiro Estado de pérdida Estado dañado No para préstamo Código de colección Localización permanente Ubicación/localización actual Ubicación en estantería Fecha de adquisición Total de préstamos Fecha visto por última vez Identificador Uniforme del Recurso Precio válido a partir de Tipo de ítem Koha
        Acceso abierto Bib. Gregorio Torres Quintero Bib. Gregorio Torres Quintero En línea 26/09/2023   26/09/2023 https://ipseds.ulpgc.es/IPSE-ds-Vol_10_2017/IPSE-ds-10.pdf 26/09/2023 Artículo Electrónico